LIBRARY & INFORMATION CENTRE, KCAET, TAVANUR

ONLINE PUBLIC ACCESS CATALOGUE (OPAC)

Insects in vegetables / (Record no. 7277)

MARC details
000 -LEADER
fixed length control field 00422cam a2200169ua 4500
003 - CONTROL NUMBER IDENTIFIER
control field OSt
008 - FIXED-LENGTH DATA ELEMENTS--GENERAL INFORMATION
fixed length control field 221001b |||||||| |||| 00| 0 eng d
041 ## - LANGUAGE CODE
Language code of text/sound track or separate title eng
082 ## - DEWEY DECIMAL CLASSIFICATION NUMBER
Classification number 635.9
Item number BUT/IN
100 ## - MAIN ENTRY--AUTHOR NAME
Personal name Butani, Dhamo K .
245 ## - TITLE STATEMENT
Title Insects in vegetables /
250 ## - EDITION STATEMENT
Edition statement 1 /
260 ## - PUBLICATION, DISTRIBUTION, ETC. (IMPRINT)
Place of publication Delhi :
Name of publisher Periodical expert book agency ,
Year of publication 1984.
300 ## - PHYSICAL DESCRIPTION
Number of Pages 356 ; .
700 1# - ADDED ENTRY--PERSONAL NAME
Personal name Jotwani, M G .
942 ## - ADDED ENTRY ELEMENTS (KOHA)
Koha item type Books
Holdings
Withdrawn status Lost status Damaged status Home library Current library Date acquired Full call number Accession Number Koha item type
      KAUAET KAUAET 11/11/1987 635.9 BUT/IN 16372 Books
free website counter